The portable MBA in enterpreneurship (Record no. 82068)

MARC details
000 -LEADER
fixed length control field 01464nam a2200289 a 4500
008 - FIXED-LENGTH DATA ELEMENTS--GENERAL INFORMATION
fixed length control field 120416s2004 ||||||||||||||||| || u
020 ## - INTERNATIONAL STANDARD BOOK NUMBER
International Standard Book Number 0471271543
050 ## - LIBRARY OF CONGRESS CALL NUMBER
Classification number HB 615 Por
100 ## - MAIN ENTRY--PERSONAL NAME
Personal name Zacharakis, Andrew
245 14 - TITLE STATEMENT
Title The portable MBA in enterpreneurship
Statement of responsibility, etc. edited by, Bygrave D. William
250 ## - EDITION STATEMENT
Edition statement 3rd ed.
260 ## - PUBLICATION, DISTRIBUTION, ETC.
Place of publication, distribution, etc. New Jersey
Name of publisher, distributor, etc. John Wiley and Sons
Date of publication, distribution, etc. 2004
300 ## - PHYSICAL DESCRIPTION
Extent x, 494p. : ill.
350 ## -
-- 0.00
490 ## -
-- The portable MBA series
650 #0 - SUBJECT ADDED ENTRY--TOPICAL TERM
Topical term or geographic name entry element NEW BUSINESS ENTERPRISES
650 #0 - SUBJECT ADDED ENTRY--TOPICAL TERM
Topical term or geographic name entry element BUSINESS
650 ## - SUBJECT ADDED ENTRY--TOPICAL TERM
Topical term or geographic name entry element SMALL BUSINESS--MANAGEMENT
650 ## - SUBJECT ADDED ENTRY--TOPICAL TERM
Topical term or geographic name entry element VENTURE CAPITAL
856 ## - ELECTRONIC LOCATION AND ACCESS
Uniform Resource Identifier http://www.loc.gov/catdir/bios/wiley043/2004271620.html
856 ## - ELECTRONIC LOCATION AND ACCESS
Uniform Resource Identifier http://www.loc.gov/catdir/description/wiley041/2004271620.html
856 ## - ELECTRONIC LOCATION AND ACCESS
Uniform Resource Identifier http://www.loc.gov/catdir/toc/wiley041/2004271620.html
995 ## -
-- MAIN LIBRARY OPEN ACCESS
-- 0.00
-- 40065
-- CBU-MAIN LIBRARY (Kitwe)
-- 1
-- 20.00
-- HB 615 Por
-- AVAILABLE
-- 40065
-- Main Library Open Access Collection
995 ## -
-- ANNEX COLLECTION (Main Library)
-- 0.00
-- 40066
-- CBU-MAIN LIBRARY (Kitwe)
-- 2
-- 20.00
-- HB 615 Por
-- 2
-- AVAILABLE
-- 40066
-- Annex Low-Usage Collection
995 ## -
-- MAIN LIBRARY OPEN ACCESS
-- 0.00
-- 736861
-- CBU-MAIN LIBRARY (Kitwe)
-- 4
-- 20.00
-- HB 615 Por
-- 4
-- AVAILABLE
-- Nov 8, 2006
-- 40043
-- Main Library Open Access Collection
995 ## -
-- ANNEX COLLECTION (Main Library)
-- 0.00
-- 40064
-- CBU-MAIN LIBRARY (Kitwe)
-- 3
-- 20.00
-- HB 615 Por
-- 3
-- AVAILABLE
-- 40064
-- Annex Low-Usage Collection
999 ## -
-- 82068
-- 82068
Holdings
Withdrawn status Lost status Source of classification or shelving scheme Damaged status Not for loan Permanent Location Current Location Shelving location Date acquired Total Checkouts Full call number Barcode Date last seen Copy number Price effective from Koha item type Date last checked out
          CBU-MAIN LIBRARY, KITWE. CBU-MAIN LIBRARY, KITWE.   09/12/2023   HB 615 Por 40065 09/12/2023 1 09/12/2023 MONOGRAPH  
          CBU-MAIN LIBRARY, KITWE. CBU-MAIN LIBRARY, KITWE.   09/12/2023   HB 615 Por 40066 09/12/2023 2 09/12/2023 MONOGRAPH  
          CBU-MAIN LIBRARY, KITWE. CBU-MAIN LIBRARY, KITWE.   09/12/2023 1 HB 615 Por 40043 02/04/2026 3 09/12/2023 MONOGRAPH 01/05/2026
          CBU-MAIN LIBRARY, KITWE. CBU-MAIN LIBRARY, KITWE.   09/12/2023   HB 615 Por 40064 09/12/2023 4 09/12/2023 MONOGRAPH